Geography starting in S, with second letters A-Z - Statistics

General Stats
  • This quiz has been taken 39 times
  • The average score is 15 of 26
Answer Stats
2nd letter Clue Answer starting with S % Correct
E River in Paris (5) Seine
95%
A Winter Olympic venue and Bosnian capital city (8 letters) Sarajevo
92%
Y Middle Eastern nation (5) Syria
89%
I Italian island (6) Sicily
87%
L Central European nation (8) Slovakia
87%
P Country popular for European holidays (5) Spain
87%
T The capital of Sweden (9) Stockholm
87%
H Huge Chinese metropolis (8) Shanghai
84%
K The North Macedonian capital (6) Skopje
84%
R Island nation where Colombo is located (8) Sri Lanka
84%
O Continent (12) South America
82%
C Cold region of Europe (11) Scandinavia
79%
U Country whose name was formerly Dutch Guyana (8) Suriname
76%
W Country where many go to get high (11) Switzerland
68%
V Arctic archipelago visible from Scotland, on the road (8) Svalbard
53%
X The airport code for Strasbourg (3) SXB
53%
Q California Olympic venue, a glen for Indian wives (11) Squaw Valley
39%
F Chopper lands at Tunisian city (4) Sfax
37%
M W. Russian city that sounds small (8) Smolensk
29%
Z Hungarian city, for example, with an ending in the past (6) Szeged
26%
D Israeli town in the east, infested by decay (6) Sderot
16%
J End falls off wind instrument in Swedish town (5) Sjöbo
13%
B One thousand - some have a place in Tunisia (6) Sbikha
5%
G Primary umpire/ref's goal confusion in Italy (8) Sgurgola
5%
N White stuff has weight, by small town of Colorado (15) Snowmass Village
5%
S District of Kampala with a container for two blood groups (9) Ssabagabo
3%
No matching quizzes found
Score Distribution
Percent of People with Each Score
Percentile by Number Answered
Your Score History
You have not taken this quiz